• 首页
  • 本馆介绍
  • 公告通知
  • 最新文献
  • 馆藏检索
  • 电子资源
  • 读者导购
  • 参考咨询
  • 我的图书馆
  • 登录
  • 详细信息显示
  • 放入我的书架
  • 预约/预借图书
  • 作者相关作品
  • 分类相关作品
  • 丛书相关作品
  • 出版社相关作品

书目信息

  • 表格格式
  • 工作单格式
  • 卡片格式
题名:
20世纪美苏十大出兵
    
 
作者: 姜英 编著
分册: 1  
出版信息: 呼和浩特   内蒙古人民出版社  2004
页数: 128页
开本: 20cm
丛书名: 世纪百战
单 册:
中图分类: E371.29
科图分类:
主题词: 军事
电子资源:
ISBN: 7-204-06418-6
000 00636nam0 2200229 450
001 0762659930
005 20070730093430.01
010    @a7-204-06418-6@dCNY14.94
100    @a20070728d2004 km y0chiy0120 ea
101 0  @achi
102    @aCN@b150000
200 1  @a20世纪美苏十大出兵@A20 shi ji mei su shi da chu bing@h1@f姜英编著@Fjiang ying bian zhu
205    @a2版
210    @a呼和浩特@c内蒙古人民出版社@d2004
215    @a128页@d20cm
225 2  @a世纪百战
410  0 @12001 @a世纪百战
606 0  @a军事
690    @aE371.29@v3
701  0 @a姜英@Ajiang ying@4编著
801  0 @aCN@bPFT@c20070730
905    @a10447@dE371.29@e66:1=2
    
    20世纪美苏十大出兵.1/姜英编著.-2版.-呼和浩特:内蒙古人民出版社,2004
    128页;20cm.-(世纪百战)
    
    
    ISBN 7-204-06418-6:CNY14.94
    
●
相关链接 在E读中查询图书 在五车中查询图书 在当当中查询图书 在豆瓣中查询图书


正题名:20世纪美苏十大出兵     索取号:E371.29/66:1=2         预约/预借

序号 登录号 条形码 馆藏地/架位号 状态 备注
1 0789720   207897203   第一样本阅览室/ [索取号:E371.29/66:1=2] 在馆    
2 0789721   207897212   第一借阅区/ [索取号:E371.29/66:1=2] 在馆    
3 0789722   207897221   第一借阅区/ [索取号:E371.29/66:1=2] 在馆    
4 0789723   207897230   第一借阅区/ [索取号:E371.29/66:1=2] 在馆    
5 0789724   207897249   第一借阅区/ [索取号:E371.29/66:1=2] 在馆    
唐山师范学院图书馆 欢迎您!
大连网信软件有限公司© 版权所有